VfL Bochum Rekordspieler - Statistiken

Allgemein
  • Dieses Quiz wurde 58 mal gespielt
  • Das Durchschnittsergebnis liegt bei 5 aus 10
Antwortstatistiken
Spiele Nationalität Spieler % Korrekt
334 Frankreich Anthony Losilla
80%
383 Deutschland Dariusz Wosz
76%
595 Deutschland Michael Lameck
73%
283 Deutschland Manuel Riemann
63%
315 Deutschland Ralf Zumdick
41%
345 Deutschland Franz-Josef Tenhagen
39%
438 Deutschland Lothar Woelk
39%
328 Deutschland Marcel Maltritz
33%
289 Deutschland Paul Freier
24%
401 Deutschland Walter Oswald
24%
Keine übereinstimmenden Quizze gefunden
Verteilung der Resultate
Anzahl Personen mit jedem Resultat
Perzentil nach korrekt beantworteten Fragen
Ihre Resultats-Entwicklung
Sie haben dieses Quiz noch nicht gespielt